Security Measures Employed by the Bank in Offering Electronic Banking Facilities: (Record no. 77950)

MARC details
000 -LEADER
fixed length control field 02749nam a22002657a 4500
003 - CONTROL NUMBER IDENTIFIER
control field URS
005 - DATE AND TIME OF LATEST TRANSACTION
control field 20240416181809.0
008 - FIXED-LENGTH DATA ELEMENTS--GENERAL INFORMATION
fixed length control field 240308b |||||||| |||| 00| 0 eng d
050 00 - LIBRARY OF CONGRESS CALL NUMBER
Classification number LG 221.R59
Item number DI34 2015
100 1# - MAIN ENTRY--PERSONAL NAME
Personal name Dagohoy, Kimberly E.
Relator term Researcher
245 10 - TITLE STATEMENT
Title Security Measures Employed by the Bank in Offering Electronic Banking Facilities:
Remainder of title An Assessment/
Statement of responsibility, etc. Latina, Olive L. [and] Pradez, Kimberly A.
260 #1 - PUBLICATION, DISTRIBUTION, ETC.
Date of publication, distribution, etc. 2015
300 ## - PHYSICAL DESCRIPTION
Extent x, 80 leaves
Other physical details illustrations
Dimensions 28 cm
336 ## - CONTENT TYPE
Source rdacontent
Content type term text
337 ## - MEDIA TYPE
Source rdamedia
Media type term unmediated
338 ## - CARRIER TYPE
Source rdacarrier
Carrier type term volume
502 ## - DISSERTATION NOTE
Dissertation note Undergraduate Thesis
Degree type Bachelor of Science in Business Administration Major in Financial Management
Name of granting institution University of Rizal System, Rodriguez, Rizal
Year degree granted 2015
520 ## - SUMMARY, ETC.
Summary, etc. This study aimed to know the assessment on the security measures employed by the bank in Montalban, Rizal in offering Electronic Banking. The study was focused on the security measures of different bank wherein the 100 depositors served as respondents of this study representing the four (4) banks offering electronic banking facilities. Descriptive Method of research was utilized in this study. The descriptive method of research was employed in this study. Descriptive research answers the questions who, what, where, and how. The survey design was utilized in this research in which information is gathered from people through the use of surveys or questionnaires as an instrument. The survey design address the following issues: what statistics are produced, for which population, when, and with that accuracy, what data are to be collected for which units of the population of interest, and what are the methods by which those data are to be collected and processed to produce the required statistics. For better result and accuracy of interpretation of gathered data, the researchers used the following Statistical Treatment, the Frequency and Percentage Distribution, and ranking were used to determined the profile of the respondents in terms of sex, number of years as depositor and type of depositors. To know the assessment of the respondents on the security measures employed by the bank in offering electronic banking facilities, weighted mean was used For the significant difference on the difference between the profile of the respondents and the security measures, T- Test and One-way ANOVA was applied.
650 ## - SUBJECT ADDED ENTRY--TOPICAL TERM
Source of heading or term Knowing the assessment on the security measures employed by the bank in Montalban, Rizal
700 ## - ADDED ENTRY--PERSONAL NAME
Personal name Latina, Olive L.
Relator term Researcher
700 ## - ADDED ENTRY--PERSONAL NAME
Personal name Pradez, Kimberly A.
Relator term Researcher
700 ## - ADDED ENTRY--PERSONAL NAME
Personal name Perez, Cristopher O.
Relator term Adviser
856 ## - ELECTRONIC LOCATION AND ACCESS
Materials specified Online Request for Student Unpublished Works
Uniform Resource Identifier <a href="https://forms.gle/7LqvGGkaDrUQqz429">https://forms.gle/7LqvGGkaDrUQqz429</a>
942 ## - ADDED ENTRY ELEMENTS (KOHA)
Source of classification or shelving scheme Library of Congress Classification
Koha item type Theses and dissertations

No items available.

University of Rizal System
Email us at univlibservices@urs.edu.ph

Visit our Website www.urs.edu.ph/library